History Quiz

Random History or Art Quiz

Artwork A-Z Quiz Stats

 Plays Quiz Updated Apr 10, 2014

Support Sporcle.
Go Orange.
Score 0/22 Timer 10:00
1 Play Today
% Correct
The Mona Lisa
89.5%
The Last Supper
88.6%
The Thinker
83.8%
American Gothic
83.7%
The Starry Night
81.1%
The Birth of Venus
70.1%
The Kiss
52.8%
Washington Crossing the Delaware
52.4%
The Creation of Adam
47%
The Emperor Napoleon in His Study at the Tuileries
43.7%
Four Horsemen of the Apocalypse
41.8%
% Correct
The Persistence of Memory
40%
The Death of Socrates
39.3%
The Night Watch
37.8%
The Great Wave off Kanagawa
36%
The Holy Family
21.5%
The Raft of the Medusa
19.9%
The Old Guitarist
17.7%
The Yellow Christ
15.3%
View of Toledo
13.3%
Impression, Sunrise
13.2%
Judith Slaying Holofernes
11.3%

You're not logged in!

Compare scores with friends on all Sporcle quizzes.
OR
Log In

From the Vault

Songs on The Dark Side of the Moon

by Grunchkoo

With an estimated 45 million copies sold we are guessing that some of you might know a couple of these.
Remove Ads.
Support Sporcle.
Get the best of Sporcle when you Go Orange. This ad-free experience offers more features, more stats, and more fun while also helping to support Sporcle. Thank you for becoming a member.

Show Comments

Extras

Top Quizzes Today


Score Distribution

Your Account Isn't Verified!

In order to create a playlist on Sporcle, you need to verify the email address you used during registration. Go to your Sporcle Settings to finish the process.

Report this User

Report this user for behavior that violates our Community Guidelines.

Details: